Reflections and extensions on key papers of the first twenty-five years of advances / (Record no. 1711)

MARC details
000 -LEADER
fixed length control field 01606cam a22004097i 4500
001 - CONTROL NUMBER
control field data
005 - DATE AND TIME OF LATEST TRANSACTION
control field 20260322212114.0
008 - FIXED-LENGTH DATA ELEMENTS--GENERAL INFORMATION
fixed length control field data
035 ## - SYSTEM CONTROL NUMBER
System control number 20830018
010 ## - LIBRARY OF CONGRESS CONTROL NUMBER
LC control number 2018419755
020 ## - INTERNATIONAL STANDARD BOOK NUMBER
International Standard Book Number 1787564363
Qualifying information (Print)
020 ## - INTERNATIONAL STANDARD BOOK NUMBER
International Standard Book Number 9781787564367
Qualifying information (Print)
035 ## - SYSTEM CONTROL NUMBER
System control number (OCoLC)1049825010
040 ## - CATALOGING SOURCE
Original cataloging agency YDX
Language of cataloging eng
Transcribing agency YDX
Description conventions rda
Modifying agency DLC
-- OCLCQ
-- OCLCO
-- OCLCF
-- DLC
042 ## - AUTHENTICATION CODE
Authentication code lccopycat
050 00 - LIBRARY OF CONGRESS CALL NUMBER
Classification number HB615
Item number .R445 2019
082 04 - DEWEY DECIMAL CLASSIFICATION NUMBER
Classification number 338/.04
Edition information 23
245 00 - TITLE STATEMENT
Title Reflections and extensions on key papers of the first twenty-five years of advances /
Statement of responsibility, etc. edited by Jerome A. Katz (Saint Louis University, USA), Andrew C. Corbett (Babson College, USA).
246 3# - VARYING FORM OF TITLE
Title proper/short title Reflections and extensions on key papers of the 1st 25 years of advances
250 ## - EDITION STATEMENT
Edition statement First edition.
264 #1 - PRODUCTION, PUBLICATION, DISTRIBUTION, MANUFACTURE, AND COPYRIGHT NOTICE
Place of production, publication, distribution, manufacture United Kingdom :
Name of producer, publisher, distributor, manufacturer Emerald Publishing,
Date of production, publication, distribution, manufacture, or copyright notice 2019.
264 #4 - PRODUCTION, PUBLICATION, DISTRIBUTION, MANUFACTURE, AND COPYRIGHT NOTICE
Date of production, publication, distribution, manufacture, or copyright notice ©2019
300 ## - PHYSICAL DESCRIPTION
Extent xii, 231 pages :
Other physical details illustrations ;
Dimensions 24 cm.
336 ## - CONTENT TYPE
Content type term text
Content type code txt
Source rdacontent
337 ## - MEDIA TYPE
Media type term unmediated
Media type code n
Source rdamedia
338 ## - CARRIER TYPE
Carrier type term volume
Carrier type code nc
Source rdacarrier
490 1# - SERIES STATEMENT
Series statement Advances in entrepreneurship, firm emergence and growth,
International Standard Serial Number 1074-7540 ;
Volume/sequential designation volume 20
504 ## - BIBLIOGRAPHY, ETC. NOTE
Bibliography, etc. note Includes bibliographical references.
650 #0 - SUBJECT ADDED ENTRY--TOPICAL TERM
Topical term or geographic name entry element Entrepreneurship.
650 #7 - SUBJECT ADDED ENTRY--TOPICAL TERM
Topical term or geographic name entry element Entrepreneurship.
Source of heading or term fast
Authority record control number or standard number (OCoLC)fst00912787
700 1# - ADDED ENTRY--PERSONAL NAME
Personal name Katz, Jerome A.,
Relator term editor.
700 1# - ADDED ENTRY--PERSONAL NAME
Personal name Corbett, Andrew C.,
Relator term editor.
830 #0 - SERIES ADDED ENTRY--UNIFORM TITLE
Uniform title Advances in entrepreneurship, firm emergence and growth ;
Volume/sequential designation v. 20.
906 ## - LOCAL DATA ELEMENT F, LDF (RLIN)
a 7
b cbc
c copycat
d 2
e ncip
f 20
g y-gencatlg
925 0# -
-- acquire
-- 1 shelf copy
-- policy default
Holdings
Withdrawn status Lost status Damaged status Not for loan Home library Current library Shelving location Date acquired Total checkouts Full call number Barcode Date last seen Price effective from Koha item type
        Springfield Springfield General stacks 22/03/2026   338/.04 LOC-SPL-00054 22/03/2026 22/03/2026 Books